The golden calf #5 / Helene Tursten ; translation ... Read More
Available copies
- 2 of 2 copies available at LARL/NWRL Consortium.
- 2 of 2 copies available at Northwest Regional Library. (Show preferred library)
Current holds
0 current holds with 2 total copies.
Show Only Available Copies
| Location | Call Number / Copy Notes | Barcode | Shelving Location | Status | Due Date |
|---|---|---|---|---|---|
| Hallock Public Library | TUR (Text) | 35500005833551 | Main | Available | - |
| Thief River Falls Public Library | TUR (Text) | 35500005127848 | Main | Available | - |
Record details
- ISBN: 9781616950088
- ISBN: 1616950080
- Physical Description: 340 p. ; 24 cm.
- Publisher: New York, NY : SOHO Crime, 2013.
Content descriptions
| Language Note: | Translated for the original Swedish to English. |
Search for related items by subject
| Subject: | Huss, Irene (Fictitious character) > Fiction. Police > Sweden > Fiction. Detective and mystery stories. |
Search for related items by series
| LDR | 01314cam a22003618i 4500 | ||
|---|---|---|---|
| 001 | 150053 | ||
| 003 | LARL_NWRL_CONSORTIUM | ||
| 005 | 20130208102117.0 | ||
| 008 | 121113s2013 nyu 000 1 eng | ||
| 019 | . | ‡a793578975 | |
| 020 | . | ‡a9781616950088 | |
| 020 | . | ‡a1616950080 | |
| 035 | . | ‡a(OCoLC)809564149 ‡z(OCoLC)793578975 | |
| 041 | 1 | . | ‡aeng ‡hswe |
| 042 | . | ‡apcc | |
| 049 | . | ‡aNRG | |
| 082 | 0 | 0. | ‡a839.73/8 ‡223 |
| 099 | . | ‡aMYS | |
| 100 | 1 | . | ‡aTursten, Helene, ‡d1954- ‡0(LARL_NWRL_CONSORTIUM)144920 |
| 245 | 1 | 4. | ‡aThe golden calf ‡n#5 / ‡cHelene Tursten ; translation by Laura A. Wideburg. |
| 260 | . | ‡aNew York, NY : ‡bSOHO Crime, ‡c2013. | |
| 300 | . | ‡a340 p. ; ‡c24 cm. | |
| 490 | 0 | . | ‡aInspector Huss ; ‡v5. |
| 546 | . | ‡aTranslated for the original Swedish to English. | |
| 650 | 0. | ‡aHuss, Irene (Fictitious character) ‡vFiction. | |
| 650 | 0. | ‡aPolice ‡zSweden ‡vFiction. | |
| 650 | 0. | ‡aDetective and mystery stories. ‡0(LARL_NWRL_CONSORTIUM)18458 | |
| 700 | 1 | . | ‡aWideburg, Laura A. ‡0(LARL_NWRL_CONSORTIUM)213882 |
| 901 | . | ‡a150053 ‡bISxN ‡c150053 ‡tbiblio | |

Add to basket
Permalink
Disable Highlighting